Państwa bałkańskie - nagła śmierć - Statystyki

Ogólne statystyki
  • Ten quiz został rozwiązany 139 razy
  • Średni wynik to 9 z 12
Answers on the Grid
Answers color-coded by a green-red scale on the quiz's grid according to % correct below.
Rumunia
Serbia
Grecja
Kosowo
Turcja
Bułgaria
Macedonia Północna
Czarnogóra
Albania
Bośnia i Hercegowina
Chorwacja
Słowenia
Mołdawia
Węgry
Cypr
Gruzja
Austria
Słowacja
Ukraina
Armenia
Rosja
Polska
Czechy
Egipt
Libia
Liban
Syria
Francja
Malta
Niemcy
 
Statystyki odpowiedzi
Odpowiedź % Poprawnych
Bośnia i Hercegowina
88%
Kosowo
86%
Czarnogóra
84%
Albania
83%
Chorwacja
83%
Serbia
81%
Macedonia Północna
80%
Słowenia
80%
Rumunia
77%
Bułgaria
72%
Grecja
61%
Turcja
38%
Nie znaleziono quizów pasujących do podanych kryteriów
Rozkład punktacji
Procent ludzi z każdym wynikiem
Percentyl według liczby udzielonych odpowiedzi
Twoja historia wyników
Nie rozwiązałeś tego quizu